000 00466cam a2200193ua 4500
001 2215
008 110805n ii |||gr||||Z||||||eng
020 _a81-313-0099-4
040 _cMAIN
082 _a371.33
100 _aNasrin.,
245 1 _aEducational technology
_cBy Nasrin.
250 _a1st.
260 _aNew Delhi:
_bAPH publishing.,
_cAuthor.
300 _ax, 91 p.:
_c23 cm.
653 _aEducation.
653 _aEducational technology.
942 _cBK
999 _c2083
_d2083